Modern scientific research : (Record no. 542227)

000 -LEADER
fixed length control field 00556nam a2200181 a 4500
020 ## - INTERNATIONAL STANDARD BOOK NUMBER
International Standard Book Number 9698891005 (hb)
082 ## - DEWEY DECIMAL CLASSIFICATION NUMBER
Classification number 297.125
Author Mark ISL
-- L40,P-78
100 1# - MAIN ENTRY--PERSONAL NAME
Personal name Jafri, Isalm Nabi
9 (RLIN) 37334
245 1# - TITLE STATEMENT
Title Modern scientific research :
Remainder of title the Qur'aan hold the keys
260 ## - PUBLICATION, DISTRIBUTION, ETC.
Place of publication, distribution, etc. Islamabad :
Name of publisher, distributor, etc. Instant Print System ,
Date of publication, distribution, etc. 2006
300 ## - PHYSICAL DESCRIPTION
Extent 327p.
526 ## - STUDY PROGRAM INFORMATION NOTE
Program name 0
Interest level 0
Reading level 0
Title point value 297_125000000000000_ISL
526 ## - STUDY PROGRAM INFORMATION NOTE
Program name 0
Interest level 0
Reading level 0
Title point value 297_125000000000000_ISL
650 ## - SUBJECT ADDED ENTRY--TOPICAL TERM
Topical term or geographic name entry element Islam and Science
9 (RLIN) 184
650 ## - SUBJECT ADDED ENTRY--TOPICAL TERM
Topical term or geographic name entry element MCE
9 (RLIN) 379
650 ## - SUBJECT ADDED ENTRY--TOPICAL TERM
Topical term or geographic name entry element Quran (Koran) and Science
9 (RLIN) 37335
942 ## - ADDED ENTRY ELEMENTS (KOHA)
Source of classification or shelving scheme
Koha item type Book
Holdings
Withdrawn status Lost status Source of classification or shelving scheme Damaged status Not for loan Permanent Location Current Location Date acquired Total Checkouts Full call number Barcode Date last seen Date last checked out Price effective from Koha item type
          Military College of Engineering (MCE) Military College of Engineering (MCE) 09/26/2013 2 297.125 ISL MCE-37211 08/27/2015 08/10/2015 09/26/2013 Book
          Military College of Engineering (MCE) Military College of Engineering (MCE) 11/05/2020   297.125 ISL MCE-50257 11/05/2020   11/05/2020 Book
© 2023 Central Library, National University of Sciences and Technology. All Rights Reserved.